00358 a2200097 4500001001000000005001700010008004100027245010600068100003100174773005500205ART_4957620260410161757.0260409a 10aEl artículo 40 de la ley de ganancias: un problema candente ignorado por la última reforma fiscal1 aGarcía, Roberto Martín0 tDoctrina tributariag- N°474 (sep. 2019)wREV4296